Normal view
MARC view
- John D. Daniels, Lee H. Radebaugh and Daniel P. Sullivan and Prashant Salwan
Entry Personal Name
001 - CONTROL NUMBER
- control field: 3820
003 - CONTROL NUMBER IDENTIFIER
- control field: OSt
005 - DATE AND TIME OF LATEST TRANSACTION
- control field: 20201115112120.0
008 - FIXED-LENGTH DATA ELEMENTS
- fixed length control field: 201115|| aca||aabn | a|a d
040 ## - CATALOGING SOURCE
- Original cataloging agency: OSt
- Transcribing agency: OSt
100 ## - HEADING--PERSONAL NAME
- Personal name: John D. Daniels, Lee H. Radebaugh and Daniel P. Sullivan and Prashant Salwan
670 ## - SOURCE DATA FOUND
- Source citation: Work cat.: (OSt): Daniels, John D. 3818, International Business/Environments and Operations , c2010
